Řízení komerční práce a jeho racionalizace

Guardado en:
Detalles Bibliográficos
Autor principal: Janatka, František
Formato: Libro
Lenguaje:checo
Publicado: Bratislava Čs. obchod. a priem. komora 1987
Edición:1. vyd.
Etiquetas: Agregar Etiqueta
Sin Etiquetas, Sea el primero en etiquetar este registro!

MARC

LEADER 00000nam a2200000 4500
001 c025007
005 20250116072310.7
041 0 |a cze 
044 |a SK 
245 1 0 |a Řízení komerční práce a jeho racionalizace  |c František Janatka 
250 |a 1. vyd. 
264 1 |a Bratislava  |b Čs. obchod. a priem. komora  |c 1987 
300 |a 101 s. 
100 1 |a Janatka, František